Normal view
MARC view
Entry Topical Term
001 - CONTROL NUMBER
- control field: 36720
003 - CONTROL NUMBER IDENTIFIER
- control field: ARRUPE
005 - DATE AND TIME OF LATEST TRANSACTION
- control field: 20171005114122.0
008 - FIXED-LENGTH DATA ELEMENTS
- fixed length control field: 171005|| aca||aabn | a|a d
040 ## - CATALOGING SOURCE
- Original cataloging agency: ARRUPE
- Transcribing agency: ARRUPE
150 ## - HEADING--TOPICAL TERM
- Topical term or geographic name as entry element: English poetry.
670 ## - SOURCE DATA FOUND
- Source citation: Work cat.: (ARRUPE)0: Brady, Frank. 36719, Poetry: past and present, [1974]